000 00569nam a22001937a 4500
005 20250704122529.0
010 _aENG-145645
020 _c495.00
_a9789389934977
035 _aEN-129177
037 _bDBAD
082 _a954.65
100 _aUban, S. S.
_982584
245 _aPhantoms of Chittagong:
_cEd. Sandip Das
_bThe "Fifth Army in Bangladesh/
250 _a1
260 _bAllied Publishers Private Limited
_c2024
_aNoda
270 _bNoida
_aD-5, Sector-2, Noida
_e201301
300 _a156 p.
_c23 cm(hb)
942 _2ddc
_cEN
_h954.65
_mUBA
999 _c212083
_d212083